|
|
|
|
| LEADER |
02685nam a22004815i 4500 |
| 001 |
978-3-540-32414-0 |
| 003 |
DE-He213 |
| 005 |
20161006021255.0 |
| 007 |
cr nn 008mamaa |
| 008 |
100806s2005 gw | s |||| 0|eng d |
| 020 |
|
|
|a 9783540324140
|9 978-3-540-32414-0
|
| 024 |
7 |
|
|a 10.1007/b105501
|2 doi
|
| 040 |
|
|
|d GrThAP
|
| 050 |
|
4 |
|a QD415-436
|
| 072 |
|
7 |
|a PNN
|2 bicssc
|
| 072 |
|
7 |
|a SCI013040
|2 bisacsh
|
| 082 |
0 |
4 |
|a 547
|2 23
|
| 245 |
1 |
0 |
|a Molecular Machines
|h [electronic resource] /
|c edited by T. Ross Kelly.
|
| 264 |
|
1 |
|a Berlin, Heidelberg :
|b Springer Berlin Heidelberg,
|c 2005.
|
| 300 |
|
|
|a XII, 236 p.
|b online resource.
|
| 336 |
|
|
|a text
|b txt
|2 rdacontent
|
| 337 |
|
|
|a computer
|b c
|2 rdamedia
|
| 338 |
|
|
|a online resource
|b cr
|2 rdacarrier
|
| 347 |
|
|
|a text file
|b PDF
|2 rda
|
| 490 |
1 |
|
|a Topics in Current Chemistry,
|x 0340-1022 ;
|v 262
|
| 505 |
0 |
|
|a V. Balzani, A. Credi, B. Ferrer, S. Silvi, M. Venturi: Artificial Molecular Motors and Machines: Design Principles and Prototype Systems -- J.-P. Collin, V. Heitz, J.-P. Sauvage: Transition Metal-Complexed Catenanes and Rotaxanes in Motion: Towards Molecular Machines -- T.F. Magnera, J. Michl: Altitudinal Surface-Mounted Molecular Rotors -- N.N.P. Moonen, A.H. Flood, J.M. Fernández, J.F. Stoddart: Towards a Rational Design of Molecular Switches and Sensors from their Basic Building Blocks -- E.R. Kay, D.A. Leigh: Hydrogen Bond-Assembled Synthetic Molecular Motors and Machines -- S.D. Karlen, M.A. Garcia-Garibay: Amphidynamic Crystals: Structural Blueprints for Molecular Machines.
|
| 520 |
|
|
|a The chapters in this volume describe bottom-up strategies and chronicle cutting-edge advances from several of the world’s leading laboratories engaged in the development of molecular machines. The Nobel Prize in Chemistry 2016 was awarded jointly to Jean-Pierre Sauvage, Sir J. Fraser Stoddart and Bernard L. Feringa "for the design and synthesis of molecular machines". Both Jean-Pierre Sauvage and Sir J. Fraser Stoddart have also contributed to this book.
|
| 650 |
|
0 |
|a Chemistry.
|
| 650 |
|
0 |
|a Inorganic chemistry.
|
| 650 |
|
0 |
|a Organic chemistry.
|
| 650 |
|
0 |
|a Physical chemistry.
|
| 650 |
1 |
4 |
|a Chemistry.
|
| 650 |
2 |
4 |
|a Organic Chemistry.
|
| 650 |
2 |
4 |
|a Inorganic Chemistry.
|
| 650 |
2 |
4 |
|a Physical Chemistry.
|
| 700 |
1 |
|
|a Kelly, T. Ross.
|e editor.
|
| 710 |
2 |
|
|a SpringerLink (Online service)
|
| 773 |
0 |
|
|t Springer eBooks
|
| 776 |
0 |
8 |
|i Printed edition:
|z 9783540285014
|
| 830 |
|
0 |
|a Topics in Current Chemistry,
|x 0340-1022 ;
|v 262
|
| 856 |
4 |
0 |
|u http://dx.doi.org/10.1007/b105501
|z Full Text via HEAL-Link
|
| 912 |
|
|
|a ZDB-2-CMS
|
| 950 |
|
|
|a Chemistry and Materials Science (Springer-11644)
|